Word Ladder: Severus Snape Quotes Quiz Stats

 Plays Quiz Updated Apr 19, 2019

Score 0/32 Timer 04:00
3 Plays Today
4-Letter Word Clue % Correct
⚡Well, well, Lupin, out for a little ____ in the moonlight, are we?⚡WALK
97.9%
⚡You don't ____ me as your enemy, Quirrell.⚡WANT
96.5%
Not softHARD
95.8%
Mr. DisneyWALT
95.7%
⚡Take out your ____.⚡WAND
94.7%
⚡____...lie…to me.⚡DON’T
93.3%
⚡Yes, I'm the ____-Blood Prince.⚡HALF
91.3%
A female horseMARE
91.1%
⚡Look at me. You ____ your mother's eyes.⚡HAVE
91%
⚡I swore to protect you. I ____ the Unbreakable vow.⚡MADE
90.5%
⚡It will contain the curse to your ____ for the time being.⚡HAND
90.2%
⚡Pity. Clearly, ____ isn't everything, is it, Mr. Potter?⚡FAME
89.9%
⚡____ me a reason, I beg you.⚡GIVE
89.9%
Holds your pants upBELT
89.7%
⚡You ____ use my own spells against me, Potter?⚡DARE
89.4%
A baby cowCALF
89.1%
4-Letter Word Clue % Correct
⚡Clearly, it's full of ____ magic.⚡DARK
89%
A large hemispherical roof or ceilingDOME
88.5%
The female equivalent to the rank of knightDAME
87.4%
A bee's abodeHIVE
87.2%
Gradually grow faint and disappearFADE
86.8%
Dumbledore ___ Ron his deluminator in his will.GAVE
86.4%
What Azkaban prisoners are held inCELL
85.9%
The Whomping Willow put many of these in the Ford AngliaDENT
85.5%
⚡I've ____ the dungeons, Headmaster. No sign of Black.⚡DONE
85.2%
Sharply curved or having an angleBENT
84.5%
⚡Turn to ____ 394.⚡PAGE
83.5%
⚡I think Ms. ____ is lucky to be alive.⚡BELL
83.5%
ListenHARK
83.3%
You can't place one at Hogwarts. Better send an owl.CALL
81.8%
Cover a piece of ground with stones, bricks, concrete, etc.PAVE
81.3%
This is done to Hogwarts carriages by ThestralsHALE
80.3%

Today's Daily Dose

Missing Word
Banned Books (A-Z)

Word Ladder
Janis Joplin

Get the Picture
Occupations

You're not logged in!

Compare scores with friends on all Sporcle quizzes.
OR
Log In

Sporcle TV

Today on Sporcle TV


Watch our educational content, quiz creation guides, and fun videos on Sporcle TV.

Show Comments

Extras

Top Quizzes Today


Score Distribution

Your Account Isn't Verified!

In order to create a playlist on Sporcle, you need to verify the email address you used during registration. Go to your Sporcle Settings to finish the process.

Report this User

Report this user for behavior that violates our Community Guidelines.

Details: